| 000 | 00397nam a2200157Ia 4500 | ||
|---|---|---|---|
| 003 | Ost | ||
| 005 | 20260225132600.0 | ||
| 008 | 260225s9999||||xx |||||||||||||| ||und|| | ||
| 040 | _cfsic | ||
| 041 | _afre | ||
| 082 | _a70.4 | ||
| 100 |
_aJEAN - CLAUDE SERGEANT _eAuteur |
||
| 245 | 0 | _al'anglais du journalisme. : | |
| 245 | 0 |
_bcomprndre et traduire / _cJEAN - CLAUDE SERGEANT |
|
| 942 | _cكتاب | ||
| 999 |
_c34705 _d34705 |
||